000 01180nam a2200229Ia 4500
003 OSt
005 20241028155329.0
007 ca aa aaaaa
008 201103s9999 xx 000 0 und d
040 _cSSBUL
041 _abur
082 _223
_a၂၉၄.၃၈၂ တောင်
_b၁၃၁၂၆ S-SAT
100 0 _a တောင်ပုလုတောရကမ္ဘာအေးဆရာတော်ဘုရားကြီး။
245 1 0 _aရာသက်ပန်သရဏဂုံဆောက်တည်ခြင်းအကျိုးနှင့်မဟာသတိပဋ္ဌာန်တရားရှုပွားနည်း /
_cတောင်ပုလုတောရကမ္ဘာအေးဆရာတော်ဘုရားကြီး။
250 _aဒုတိယအကြိမ်။
260 _aရန်ကုန် ၊
_bသာသနာရေးဦးစီးဌာန၊
_c၁၉၈၇။
300 _aဇ၊ ၈၆ စာမျက်နှာ ၊
_c၁၈ စင်တီ။
500 _aS-SAT: Dr. Sai Aung Tun
650 _aဗုဒ္ဓတရားတော်
650 _aသတိပဌာန်
942 _2ddc
_cBK1
999 _c16842
_d16842